000 00583nam a22001695i 4500
001 170307
003 ES-MaACL
005 20230906214341.0
008 090223s1987 sp |||| | baq d
080 _a811.361'27
245 0 0 _aEuskara Donostian :
_bazterketa soziolinguistikoaren laburpena.
260 _a[San Sebastián] :
_bEuskararen Udal Patronatua,
_c[1987?]
300 _a[60] p. :
_bil. ;
_c21 cm.
594 _aTexto en vasco y castellano.
650 4 _aLengua vasca-
_xAspectos sociales.
_914330
852 4 _aES-MaACL
_j2249-F-4
_z- Biblioteca Jacinto Martínez Lacalle
999 _c170307
_d170307